[Event "NED-ch U12 op"]
[Site "Borne"]
[Date "2013.08.09"]
[Round "11"]
[White "Wiemann, Daniel"]
[Black "Kalkman, Lorena"]
[Result "0-1"]
[WhiteElo "1348"]
[BlackElo "1010"]
[PlyCount "78"]
[EventDate "2013.08.05"]
[EventType "swiss"]
[EventRounds "13"]
[EventCountry "NED"]
[SourceTitle "EXT 2015"]
[Source "ChessBase"]
[SourceDate "2014.11.20"]
[SourceVersion "1"]
[SourceVersionDate "2014.11.20"]
[SourceQuality "1"]

1. e4 c5 2. Nf3 d6 3. d4 cxd4 4. Nxd4 Nf6 5. Nc3 a6 6. Be3 e6 7. Bc4 b5 8. Bd3 Be7 9. 0-0 Bb7 10. Qf3 0-0 11. Qg3 Kh8 12. Nf3 Nbd7 13. Ng5 h6 14. Nf3 Rg8 15. Rad1 Rc8 16. Nh4 Ne5 17. f3 Nfd7 18. Nf5 exf5 19. Qh3 Nf6 20. exf5 Nxd3 21. cxd3 Qd7 22. Ne2 Kh7 23. Nf4 Rc2 24. Rf2 Rgc8 25. Rxc2 Rxc2 26. Rd2 Rc8 27. g4 Kg8 28. Nh5 Nd5 29. Bf2 g6 30. fxg6 fxg6 31. Ng3 Rc1+ 32. Nf1 Bg5 33. Re2 Nf4 34. Qg2 Nxg2 35. Kxg2 Qf7 36. Kg1 Qxf3 37. Re4 Bxe4 38. dxe4 Be3 39. Bxe3 Qxf1# 0-1

[Event "NED-ch U12 op"]
[Site "Borne"]
[Date "2013.08.07"]
[Round "5"]
[White "Wiemann, Daniel"]
[Black "Kroon, Joppe"]
[Result "1-0"]
[WhiteElo "1348"]
[BlackElo "1241"]
[PlyCount "79"]
[EventDate "2013.08.05"]
[EventType "swiss"]
[EventRounds "13"]
[EventCountry "NED"]
[SourceTitle "EXT 2015"]
[Source "ChessBase"]
[SourceDate "2014.11.20"]
[SourceVersion "1"]
[SourceVersionDate "2014.11.20"]
[SourceQuality "1"]

1. e4 e5 2. Nf3 Nc6 3. d4 exd4 4. Nxd4 Bc5 5. Be3 Bb6 6. Bc4 Nge7 7. 0-0 0-0 8. Nc3 d6 9. Nd5 Bxd4 10. Bxd4 Nxd4 11. Qxd4 Be6 12. Nxe7+ Qxe7 13. Bxe6 fxe6 14. f4 Qf6 15. Qxf6 Rxf6 16. Rad1 Raf8 17. g3 e5 18. fxe5 Rxf1+ 19. Rxf1 Rxf1+ 20. Kxf1 dxe5 21. Ke2 Kf7 22. Ke3 Ke6 23. Kd3 b5 24. b4 Kf6 25. Ke3 Kg5 26. Kf3 Kh5 27. c3 c6 28. a3 a6 29. h3 g5 30. g4+ Kh4 31. Kg2 h5 32. gxh5 Kxh5 33. Kg3 g4 34. h4 Kh6 35. Kxg4 Kg6 36. h5+ Kh6 37. Kf5 Kxh5 38. Kxe5 Kg6 39. Kd6 Kf6 40. e5+ 1-0

[Event "NED-ch U12 op"]
[Site "Borne"]
[Date "2013.08.06"]
[Round "2"]
[White "Wiemann, Daniel"]
[Black "Koedijk, Klaas Jan"]
[Result "0-1"]
[WhiteElo "1348"]
[BlackElo "790"]
[PlyCount "138"]
[EventDate "2013.08.05"]
[EventType "swiss"]
[EventRounds "13"]
[EventCountry "NED"]
[SourceTitle "EXT 2015"]
[Source "ChessBase"]
[SourceDate "2014.11.20"]
[SourceVersion "1"]
[SourceVersionDate "2014.11.20"]
[SourceQuality "1"]

1. e4 e5 2. Nf3 Nc6 3. d4 Nxd4 4. Nxd4 exd4 5. Qxd4 c5 6. Qd1 Nf6 7. e5 Qe7 8. Qe2 Nd5 9. Bd2 d6 10. exd6 Qxe2+ 11. Bxe2 Bxd6 12. Nc3 Be6 13. Bb5+ Ke7 14. 0-0 a6 15. Be2 Be5 16. Bf3 Rad8 17. Rfe1 Nxc3 18. Bxc3 Bxc3 19. bxc3 b5 20. Bg4 Rd6 21. Re2 Rhd8 22. Ree1 Kf8 23. Bxe6 fxe6 24. h3 Kf7 25. g3 Rd2 26. Rac1 b4 27. cxb4 cxb4 28. Kf1 Kf6 29. Re2 Rd1+ 30. Rxd1 Rxd1+ 31. Re1 Rxe1+ 32. Kxe1 Ke5 33. f4+ Kd4 34. Kd2 Kc4 35. h4 h5 36. Kc1 a5 37. Kb2 a4 38. Kb1 b3 39. cxb3+ axb3 40. axb3+ Kxb3 41. Kc1 Kc3 42. Kd1 Kd3 43. Ke1 Ke3 44. Kf1 Kf3 45. Kg1 Kxg3 46. Kh1 Kxf4 47. Kg2 e5 48. Kf2 e4 49. Ke2 e3 50. Ke1 Kf3 51. Kf1 g6 52. Ke1 e2 53. Kd2 Kf2 54. Kd3 e1Q 55. Kd4 Qe3+ 56. Kd5 Kf3 57. Kd6 Qc3 58. Kd5 Qb4 59. Kc6 Qa5 60. Kd6 Ke4 61. Kc6 Kd4 62. Kd6 Qd5+ 63. Kc7 Qe6 64. Kb7 Kc5 65. Ka7 Kb5 66. Kb7 Qe7+ 67. Kb8 Kc6 68. Ka8 Kb6 69. Kb8 Qb7# 0-1

[Event "GER-ch U25 op-B"]
[Site "Oberhof"]
[Date "2013.05.25"]
[Round "9"]
[White "Schrader, Alia"]
[Black "Wiemann, Daniel"]
[Result "1-0"]
[WhiteElo "1311"]
[BlackElo "1457"]
[PlyCount "87"]
[EventDate "2013.05.19"]
[EventType "swiss"]
[EventRounds "9"]
[EventCountry "GER"]
[SourceTitle "CBM 154 Extra"]
[Source "ChessBase"]
[SourceDate "2013.06.25"]
[SourceVersion "2"]
[SourceVersionDate "2013.06.25"]
[SourceQuality "1"]

1. e4 e5 2. Nf3 Nc6 3. Nc3 Nf6 4. d4 exd4 5. Nxd4 Bc5 6. Be3 0-0 7. Nxc6 bxc6 8. Bxc5 d6 9. Be3 Re8 10. Bd3 d5 11. exd5 Nxd5 12. Nxd5 cxd5 13. 0-0 c6 14. Re1 h6 15. Qd2 Qf6 16. c3 Rb8 17. Bxa7 Be6 18. Bxb8 Rxb8 19. Rab1 c5 20. b4 c4 21. Be2 Qd8 22. Bf3 Rb5 23. a4 Rb8 24. Ra1 Qd7 25. Reb1 Ra8 26. b5 Qb7 27. a5 Qc7 28. b6 Qb7 29. Rb5 Rd8 30. Qb2 Ra8 31. Qa3 Ra6 32. Qc5 Ra8 33. Bxd5 Bxd5 34. Qxd5 Qxd5 35. Rxd5 Kf8 36. a6 Re8 37. h3 f6 38. a7 g5 39. a8Q Rxa8 40. Rxa8+ Kf7 41. b7 Kg6 42. b8Q Kh5 43. g4+ Kh4 44. Qg3# 1-0

[Event "GER-ch U25 op-B"]
[Site "Oberhof"]
[Date "2013.05.19"]
[Round "1"]
[White "Fischer, Elias"]
[Black "Wiemann, Daniel"]
[Result "1-0"]
[WhiteElo "1452"]
[BlackElo "1457"]
[PlyCount "59"]
[EventDate "2013.05.19"]
[EventType "swiss"]
[EventRounds "9"]
[EventCountry "GER"]
[SourceTitle "CBM 154 Extra"]
[Source "ChessBase"]
[SourceDate "2013.06.25"]
[SourceVersion "2"]
[SourceVersionDate "2013.06.25"]
[SourceQuality "1"]

1. Nf3 Nc6 2. g3 e5 3. d3 Nf6 4. Bg2 d6 5. 0-0 g6 6. Nbd2 Bg7 7. c3 Bd7 8. Qc2 Qe7 9. e4 0-0-0 10. b4 Be6 11. a4 Qd7 12. Ng5 h6 13. Nxe6 fxe6 14. a5 h5 15. b5 Ne7 16. Qb3 d5 17. b6 cxb6 18. axb6 a6 19. Bh3 g5 20. Nf3 Qd6 21. Nxg5 Rdf8 22. Nxe6 Rfg8 23. Nxg7+ Kb8 24. Ba3 Qd8 25. Ne6 Qe8 26. Bd6+ Ka8 27. Nc7+ Kb8 28. Nxa6+ Ka8 29. Nc5+ Qa4 30. Qxa4# 1-0

[Event "GER-ch U25 op-B"]
[Site "Oberhof"]
[Date "2013.05.19"]
[Round "2"]
[White "Wiemann, Daniel"]
[Black "Bossert, Moritz"]
[Result "1-0"]
[WhiteElo "1457"]
[BlackElo "879"]
[PlyCount "95"]
[EventDate "2013.05.19"]
[EventType "swiss"]
[EventRounds "9"]
[EventCountry "GER"]
[SourceTitle "CBM 154 Extra"]
[Source "ChessBase"]
[SourceDate "2013.06.25"]
[SourceVersion "2"]
[SourceVersionDate "2013.06.25"]
[SourceQuality "1"]

1. e4 e6 2. d4 d5 3. exd5 exd5 4. Nc3 Bd6 5. Nf3 Qe7+ 6. Qe2 Nf6 7. Bg5 Be6 8. Bxf6 Qxf6 9. Nxd5 Qg6 10. Nc3 0-0 11. Qd3 Qxd3 12. Bxd3 Re8 13. 0-0-0 Bf4+ 14. Kb1 Nc6 15. d5 Bxd5 16. Nxd5 Be5 17. Nxe5 Rxe5 18. Nxc7 Rc8 19. Nb5 a6 20. Nd6 Rc7 21. Nc4 Rc5 22. Ne3 Ra5 23. Nc4 Ra4 24. Rhe1 g6 25. b3 Rb4 26. a3 Rb5 27. a4 Rc5 28. h3 Re7 29. Rxe7 Nxe7 30. Be2 Rd5 31. Rxd5 Nxd5 32. Kb2 b5 33. axb5 axb5 34. Ne3 Nxe3 35. fxe3 b4 36. c3 bxc3+ 37. Kxc3 Kf8 38. b4 Ke8 39. b5 Ke7 40. g4 h6 41. e4 f6 42. Bf3 g5 43. Bg2 Kd6 44. Kc4 Ke6 45. Kc5 Kd7 46. b6 Kc8 47. Kc6 Kb8 48. b7 1-0

[Event "Rhein Main op-B 15th"]
[Site "Bad Homburg"]
[Date "2012.06.07"]
[Round "3"]
[White "Mook, Karl Juergen"]
[Black "Wiemann, Daniel"]
[Result "1-0"]
[WhiteElo "1605"]
[BlackElo "947"]
[PlyCount "125"]
[EventDate "2012.06.06"]
[EventType "swiss"]
[EventRounds "7"]
[EventCountry "GER"]
[SourceTitle "EXT 2013"]
[Source "ChessBase"]
[SourceDate "2012.11.22"]
[SourceVersion "1"]
[SourceVersionDate "2012.11.22"]
[SourceQuality "1"]

1. Nf3 d5 2. d4 Nc6 3. c4 e6 4. e3 Bd7 5. b3 Nf6 6. Nbd2 Bb4 7. Bd3 Bc3 8. Rb1 0-0 9. 0-0 Nb4 10. Be2 Bxd2 11. Qxd2 Nc6 12. Bd3 Qe8 13. Ne5 Qd8 14. Bb2 Nxe5 15. dxe5 Ng4 16. h3 Nh6 17. Qc2 g6 18. Rfd1 Bc6 19. e4 dxe4 20. Bxe4 Bxe4 21. Qxe4 Qg5 22. Bc1 Qh5 23. Bxh6 Qxh6 24. Qxb7 Rfc8 25. Qc6 Qg5 26. Qe4 Qf5 27. Qxf5 gxf5 28. f4 Rd8 29. Kf2 c5 30. Rd6 Kf8 31. Rbd1 Ke7 32. Ke2 Rxd6 33. Rxd6 Rc8 34. g4 fxg4 35. hxg4 Rg8 36. Kf3 Rc8 37. g5 Ke8 38. Kg4 Rc7 39. Kh5 Ke7 40. Kh6 Rd7 41. Rxd7+ Kxd7 42. Kxh7 Ke7 43. Kg7 Ke8 44. g6 fxg6 45. Kxg6 Ke7 46. a3 Kd7 47. b4 cxb4 48. axb4 Ke7 49. b5 Kd7 50. Kf6 Kc7 51. c5 Kd7 52. f5 exf5 53. Kxf5 Ke7 54. e6 Kd8 55. Kf6 Ke8 56. c6 Kd8 57. Kf7 Kc7 58. e7 Kb6 59. e8Q Kxb5 60. c7+ Kb6 61. c8Q Ka5 62. Qb8 Ka6 63. Qbb5# 1-0

[Event "GER-ch U25 op-B"]
[Site "Oberhof"]
[Date "2012.06.02"]
[Round "9"]
[White "Dopmann, Sina"]
[Black "Wiemann, Daniel"]
[Result "1-0"]
[WhiteElo "1158"]
[BlackElo "963"]
[PlyCount "105"]
[EventDate "2012.05.27"]
[EventType "swiss"]
[EventRounds "9"]
[EventCountry "GER"]
[SourceTitle "CBM 148 Extra"]
[Source "ChessBase"]
[SourceDate "2012.06.22"]
[SourceVersion "1"]
[SourceVersionDate "2012.06.22"]
[SourceQuality "1"]

1. Nc3 d5 2. e4 d4 3. Nce2 e5 4. Ng3 Bd6 5. Bc4 Nf6 6. d3 Nc6 7. N1e2 0-0 8. 0-0 Qe8 9. f4 a6 10. a3 b5 11. Ba2 Bg4 12. Bd2 exf4 13. Bxf4 Bxf4 14. Rxf4 Qe5 15. Qf1 Ne7 16. h3 Bd7 17. Rf3 Ng6 18. Nf5 c5 19. Qf2 Rac8 20. Qg3 Qxg3 21. Nexg3 Kh8 22. Nd6 Ra8 23. Nxf7+ Kg8 24. Ne5+ Kh8 25. Nxg6+ hxg6 26. e5 Nh7 27. Rxf8+ Nxf8 28. c3 dxc3 29. bxc3 Re8 30. d4 cxd4 31. cxd4 Kh7 32. h4 Kh6 33. Re1 Bc8 34. d5 g5 35. hxg5+ Kxg5 36. Ne4+ Kf5 37. Nd6+ Kg6 38. Nxe8 Kh7 39. e6 Bxe6 40. dxe6 Nxe6 41. Rxe6 a5 42. Nc7 b4 43. Bb1+ Kg8 44. a4 b3 45. Re5 b2 46. Rxa5 Kf7 47. Rd5 Ke7 48. a5 Kf7 49. a6 Ke7 50. a7 Kf7 51. a8Q Ke7 52. Qe8+ Kf6 53. Qe6# 1-0

[Event "GER-ch U25 op-B"]
[Site "Oberhof"]
[Date "2012.06.01"]
[Round "8"]
[White "Wiemann, Daniel"]
[Black "Weiten, Katharina"]
[Result "1-0"]
[WhiteElo "963"]
[BlackElo "882"]
[PlyCount "131"]
[EventDate "2012.05.27"]
[EventType "swiss"]
[EventRounds "9"]
[EventCountry "GER"]
[SourceTitle "CBM 148 Extra"]
[Source "ChessBase"]
[SourceDate "2012.06.22"]
[SourceVersion "1"]
[SourceVersionDate "2012.06.22"]
[SourceQuality "1"]

1. e4 e5 2. Nf3 Nc6 3. Bb5 Nd4 4. Bc4 Nxf3+ 5. Qxf3 Nf6 6. d3 Bc5 7. 0-0 d6 8. h3 Be6 9. Bxe6 fxe6 10. Bg5 0-0 11. Bxf6 Rxf6 12. Qd1 Qf8 13. Qe2 d5 14. exd5 exd5 15. Qxe5 Rxf2 16. Qxd5+ Kh8 17. Rxf2 Qxf2+ 18. Kh2 Qf4+ 19. Kh1 Bd6 20. Kg1 Qh2+ 21. Kf1 Rf8+ 22. Ke2 c6 23. Qe4 Qg1 24. Kd2 Qf2+ 25. Qe2 Qf4+ 26. Qe3 Bc5 27. Qxf4 Rxf4 28. c3 Rf2+ 29. Ke1 Rxg2 30. d4 Bd6 31. Kf1 Rxb2 32. c4 Bg3 33. Nc3 Rh2 34. Kg1 g5 35. Ne4 Bf4 36. Nf6 Rxh3 37. Kg2 Rg3+ 38. Kh1 Rh3+ 39. Kg2 Rh2+ 40. Kg1 h5 41. Rf1 h4 42. Rxf4 gxf4 43. Kxh2 Kg7 44. Nh5+ Kg6 45. Nxf4+ Kg5 46. Ne6+ Kg4 47. Nd8 h3 48. Nxb7 Kf5 49. Nd6+ Ke6 50. Nc8 a5 51. Kxh3 a4 52. Kg3 a3 53. Kf4 Kd7 54. Nb6+ Kd6 55. Ke3 c5 56. Ke4 Kc6 57. Na4 cxd4 58. Kxd4 Kd6 59. c5+ Kc6 60. Kc4 Kc7 61. Kb5 Kb7 62. c6+ Kc7 63. Kc5 Kc8 64. Kb6 Kb8 65. c7+ Kc8 66. Nc3 1-0

[Event "GER-ch U25 op-B"]
[Site "Oberhof"]
[Date "2012.05.30"]
[Round "6"]
[White "Wiemann, Daniel"]
[Black "Lang, Thomas1111"]
[Result "1/2-1/2"]
[WhiteElo "963"]
[BlackElo "945"]
[PlyCount "63"]
[EventDate "2012.05.27"]
[EventType "swiss"]
[EventRounds "9"]
[EventCountry "GER"]
[SourceTitle "CBM 148 Extra"]
[Source "ChessBase"]
[SourceDate "2012.06.22"]
[SourceVersion "1"]
[SourceVersionDate "2012.06.22"]
[SourceQuality "1"]

1. d4 Nf6 2. c4 d5 3. e3 Bf5 4. Nf3 e6 5. Nc3 Bb4 6. Bd2 Bxc3 7. Bxc3 Ne4 8. Qc1 Nc6 9. Nd2 Qh4 10. g3 Qh5 11. Be2 Qh3 12. Bf1 Qh5 13. h3 0-0 14. Nxe4 dxe4 15. Bg2 Qh6 16. g4 Bg6 17. Qc2 f5 18. gxf5 exf5 19. d5 Ne7 20. Bb4 Rfe8 21. 0-0-0 Rad8 22. Kb1 c6 23. Bxe7 Rxe7 24. dxc6 Rxd1+ 25. Rxd1 bxc6 26. Rd6 Qg5 27. Bh1 Qg1+ 28. Qc1 Qh2 29. Rxc6 Qxf2 30. Rc8+ Re8 31. Rxe8+ Bxe8 32. c5 1/2-1/2

[Event "GER-ch U25 op-B"]
[Site "Oberhof"]
[Date "2012.05.29"]
[Round "5"]
[White "Bossert, Moritz"]
[Black "Wiemann, Daniel"]
[Result "1-0"]
[WhiteElo "787"]
[BlackElo "963"]
[PlyCount "67"]
[EventDate "2012.05.27"]
[EventType "swiss"]
[EventRounds "9"]
[EventCountry "GER"]
[SourceTitle "CBM 148 Extra"]
[Source "ChessBase"]
[SourceDate "2012.06.22"]
[SourceVersion "1"]
[SourceVersionDate "2012.06.22"]
[SourceQuality "1"]

1. d4 d5 2. c4 e6 3. Nf3 Bb4+ 4. Nc3 Bxc3+ 5. bxc3 h6 6. Bb2 Nc6 7. cxd5 exd5 8. e3 Bg4 9. Bd3 Bxf3 10. Qxf3 Nf6 11. Ba3 Qd7 12. 0-0 0-0-0 13. Bf5 Qxf5 14. Qxf5+ Kb8 15. Rab1 Na5 16. f3 Nc4 17. Bc5 Nxe3 18. Qd3 Nxf1 19. Qa6 b6 20. Be7 Rde8 21. Bxf6 Nd2 22. Rd1 Nxf3+ 23. gxf3 gxf6 24. Qb5 Rhg8+ 25. Kf1 Rd8 26. Re1 Kb7 27. Re7 a6 28. Qd3 Rgf8 29. Qh7 Kc8 30. Qxh6 c5 31. Qxf6 cxd4 32. cxd4 b5 33. Qc6+ Kb8 34. Qb7# 1-0